Admiralty List of Lights and fog Signals (Record no. 3069)

000 -LEADER
fixed length control field 00351nam a2200133Ia 4500
008 - FIXED-LENGTH DATA ELEMENTS--GENERAL INFORMATION
fixed length control field 200103s 1998 ||||xx |||||||||||||| ||und||
082 ## - DEWEY DECIMAL CLASSIFICATION NUMBER
Classification number 302.23
Item number UKH
100 ## - MAIN ENTRY--PERSONAL NAME
Personal name Admiralty
245 #0 - TITLE STATEMENT
Title Admiralty List of Lights and fog Signals
250 ## - EDITION STATEMENT
Edition statement Vol. 8
260 ## - PUBLICATION, DISTRIBUTION, ETC. (IMPRINT)
Name of publisher, distributor, etc Admitalty charts and publications
Date of publication, distribution, etc 1998
Place of publication, distribution, etc UK
300 ## - PHYSICAL DESCRIPTION
Extent 94p.
942 ## - ADDED ENTRY ELEMENTS (KOHA)
Item type Books
Holdings
Withdrawn status Lost status Source of classification or shelving scheme Damaged status Not for loan Collection code Permanent location Current location Shelving location Date acquired Full call number Barcode Date last seen Koha item type Public note
          Non-fiction IMU-MPC Library IMU-MPC Library General Stacks 2020-01-08 302.23 UKH LBSD216 2025-03-17 Books Column-3
Copyright © 2021 Indian Maritime University, Mumbai Port Campus. All Rights Reserved. Managed & Maintained by Central Library, IMU-Mumbai

webs counters

Powered by Koha